000 00754nam a2200217Ii 4500
003 JO-AjNU
008 230605s9999||||xx |||||||||||||| ||und||
017 _a1976/3355
040 _aJO-AjNU
_bara
_erda
_cJO-AjNU
041 _aara
050 1 4 _aKRM4619.M3388 1976
100 3 _aتاليف مصطفى، محمود محمود,
_eauthor
_947008
245 0 0 _aشرح قانون الإجراءات الجنائية
250 _aط11
264 3 1 _aالقاهرة: مطبعة جامعة القاهرة والكتاب الجامعي، 1976
300 _a686ص
336 _atext
_btxt
_2rdacontent
337 _aunmediated
_bn
_2rdamedia
338 _avolume
_bnc
_2rdacarrier
650 4 _aقانون الاجراءات الجنائيه -- مصر
_947009
999 _aA20491
_c24059
_d24059